000 00707cam a22002533a 4500
001 0000726
003 DO-SdBNP
005 20171212120117.0
007 0000726
008 861112 19uu sp 000 0 spa d
010 _a
040 _aBPMSU
_cspa
_dBPMSU
_d
100 1 _aTwain, Mark
245 1 4 _aLas aventuras de Tom Sawyer /
_cMark Twain ; traducción Simon Santaines
260 _aBarcelona, España :
_bMateu,
_c[19--].
300 _a292 p. :
_c19 cm.
490 0 _aJuvenil Cadete
_v30
600 0 0 _a
_x
700 1 2 _aSantaines, Simón
_etrad.
830 _aJuvenil Cadete
_n30
942 _2ddc
_cBK
945 _aInventariado extranjero 2017 / YL
956 _aYLOCKWARD
_b10
_cBPMSU
_d20171212
999 _c11586
_d11586